000 01164nam0a22002891 4500
001 rc\3526193
005 20250610031945.0
021 _aRU
_b[74-48857]
035 _a(NLR Aleph) 007663363
090 _a6355907
_c6355907
100 _a20130115d1974 |||y0rusy50 ca
101 0 _arus
102 _aRU
105 _ac z |||||
200 1 _aАвтогараж сельскохозяйственного предприятия
210 _aКраснодар
_cКн. изд-во
_d1974
215 _a48 с.
_cпортр.
_d20
300 _aПеред загл. авт.: П.Ф. Варуха, А.К. Назаренко, Р.В. Тимченко
606 _aСельскохозяйственные предприятия
_xАвтомобильное хозяйство
_xОрганизация работы
_2psbo
700 1 _aВаруха
_bП.Ф.
_gПетр Феофилович
701 1 _aНазаренко
_bА.К.
_gАлександр Константинович
701 1 _aТимченко
_bР.В.
_gРаиса Викторовна
801 0 _aRU
_bNLR
_gpsbo
801 1 _aRU
_bELAR
_2rusmarc
852 _aNLR
_j74-4/10930
942 _cBOOK
980 _aNB